Solid state physics, 2nd Ed (Record no. 301270)

000 -LEADER
fixed length control field 00290 a2200133 4500
001 - CONTROL NUMBER
control field 66197
082 ## - DEWEY DECIMAL CLASSIFICATION NUMBER
Classification number 530.41 IBA
090 ## - LOCALLY ASSIGNED LC-TYPE CALL NUMBER (OCLC); LOCAL CALL NUMBER (RLIN)
-- 38486
-- 38486
100 ## - MAIN ENTRY--PERSONAL NAME
Personal name Ibach H
245 ## - TITLE STATEMENT
Title Solid state physics, 2nd Ed
250 ## - EDITION STATEMENT
Edition statement 2
260 ## - PUBLICATION, DISTRIBUTION, ETC.
Place of publication, distribution, etc. Berlin
Name of publisher, distributor, etc. Springer
Date of publication, distribution, etc. 1995
300 ## - PHYSICAL DESCRIPTION
Extent xii, 402 p
942 ## - ADDED ENTRY ELEMENTS (KOHA)
Institution code [OBSOLETE] NUST-CAE
Call number prefix 530.41 IBA
Holdings
Withdrawn status Lost status Damaged status Not for loan Collection code Permanent Location Current Location Date acquired Total Checkouts Full call number Barcode Date last seen Price effective from Koha item type
          College of Aeronautical Engineering (CAE) College of Aeronautical Engineering (CAE) 04/03/2017   530.41 IBA CAEN-796 04/05/2017 04/05/2017 Book
© 2023 Central Library, National University of Sciences and Technology. All Rights Reserved.